[Event "Armstrong Cup 1718"]
[Site "Curragh"]
[Date "2018.01.20"]
[Round "7.4"]
[White "Brehhov, Martin"]
[Black "Keogh, Eamon"]
[Result "0-1"]
[WhiteElo "1774"]
[BlackElo "1980"]
[PlyCount "74"]
[EventDate "2017.09.16"]
[EventType "team-tourn"]
[EventRounds "11"]
[EventCountry "IRL"]
[SourceTitle "EXT 2023"]
[Source "ChessBase"]
[SourceDate "2022.10.05"]
[SourceVersion "1"]
[SourceVersionDate "2022.10.05"]
[SourceQuality "1"]
[WhiteTeam "Curragh"]
[BlackTeam "Kilkenny"]
[WhiteTeamCountry "IRL"]
[BlackTeamCountry "IRL"]

1. d4 Nf6 2. Nf3 g6 3. g3 Bg7 4. Bg2 0-0 5. 0-0 d5 6. Nc3 c6 7. b3 b5 8. a4 b4 9. Na2 a5 10. Bb2 Ne4 11. Rb1 Nd7 12. Nc1 c5 13. dxc5 Bxb2 14. Rxb2 Nc3 15. Qd2 Nxc5 16. Ne5 Ra6 17. f3 Re6 18. Qd4 Qd6 19. Ng4 h5 20. Ne3 Ba6 21. Re1 Qe5 22. Qxc5 Qxe3+ 23. Qxe3 Rxe3 24. Kf2 d4 25. Bf1 e5 26. Nd3 Rc8 27. Bg2 Kf8 28. Bf1 Ke7 29. f4 f6 30. Bh3 Rc7 31. f5 g5 32. Bf1 Bc8 33. Rc1 Bxf5 34. Ne1 Ne4+ 35. Kg1 Rec3 36. Nd3 Kd6 37. Kg2 Be6 0-1

[Event "Armstrong Cup 1718"]
[Site "Curragh"]
[Date "2017.11.11"]
[Round "4.4"]
[White "Brehhov, Martin"]
[Black "Manojlovic, Mihailo"]
[Result "0-1"]
[WhiteElo "1818"]
[BlackElo "2026"]
[PlyCount "60"]
[EventDate "2017.09.16"]
[EventType "team-tourn"]
[EventRounds "11"]
[EventCountry "IRL"]
[SourceTitle "EXT 2023"]
[Source "ChessBase"]
[SourceDate "2022.10.05"]
[SourceVersion "1"]
[SourceVersionDate "2022.10.05"]
[SourceQuality "1"]
[WhiteTeam "Curragh"]
[BlackTeam "St Benildus"]
[WhiteTeamCountry "IRL"]
[BlackTeamCountry "IRL"]

1. d4 Nf6 2. Nf3 g6 3. g3 Bg7 4. Bg2 0-0 5. 0-0 d6 6. c3 c6 7. Bg5 h6 8. Bf4 Nh5 9. Bc1 Qc7 10. e4 e5 11. Nbd2 Be6 12. b3 Nd7 13. Ba3 Rfe8 14. Re1 Rad8 15. Nf1 Nb6 16. Ne3 d5 17. exd5 Nxd5 18. Nxd5 Bxd5 19. dxe5 Bxf3 20. Qxf3 Rxe5 21. Rxe5 Qxe5 22. Bb2 Rd2 23. Rb1 f5 24. Bf1 Nf6 25. Bc1 Rxa2 26. b4 Kh7 27. Bb2 Ne4 28. Qd1 Qd5 29. Qc1 Qd2 30. Qxd2 Nxd2 0-1